|
|
|
|
| LEADER |
00000nab a2200000 a 4500 |
| 001 |
vtls000270516 |
| 003 |
SK-MaSNL |
| 005 |
20260410043925.0 |
| 008 |
111130c1987 xo 0 slo |
| 015 |
|
|
|a SNBRB19rr/mm-uuuuu
|
| 035 |
|
|
|a CL0280630
|
| 040 |
|
|
|a SNKBUCL
|b slo
|c SNKBUCL
|e AACR2
|
| 041 |
0 |
|
|a slo
|
| 044 |
|
|
|a xo
|c SK
|
| 080 |
|
|
|a 882-3
|2 1981
|
| 100 |
1 |
|
|a Trifonov, Jurij Valentinovič,
|d 1925-1981
|4 aut
|9 352910
|
| 245 |
1 |
0 |
|a Zmiznutie
|b Úryvok z románu
|c Jurij Trifonov ; Viera Hegerová
|
| 300 |
|
|
|b Fot. 1.
|
| 500 |
|
|
|a V časti Náš archív.
|
| 650 |
0 |
7 |
|a romány spoločenské
|2 snkbucl
|9 402806
|
| 655 |
|
7 |
|a články z novín a časopisov
|2 snkbucl
|9 267496
|
| 655 |
|
7 |
|a články z odboru literárna veda a krásna literatúra
|2 snkbucl
|9 770045
|
| 700 |
1 |
|
|a Hegerová, Viera,
|d 1933-2026
|4 trl
|9 40047
|
| 773 |
0 |
|
|t Sovětská literatura
|g Č. 1 (1987), s. 115-122
|
| 850 |
|
|
|a Slovenská národná knižnica v Martine
|a MTA001
|
| 852 |
|
|
|a SNK
|b KIS3GCP
|
| 958 |
|
|
|a RK
|
| 958 |
|
|
|a LX
|
| 958 |
|
|
|a SU
|
| 992 |
|
|
|a RBX
|
| 999 |
|
|
|c 2569613
|d 2571543
|